Statistiken für Bewegungsrichtungen - lateinische Bezeichnung

Klicken Sie hier um das Quiz zu spielen!

Allgemein

  • Dieses Quiz wurde 20 mal gespielt
  • Das Durchschnittsergebnis liegt bei 10 aus 25

Antwortstatistiken

HinweisAntwort% Korrekt
zur Mitte hinmedial
71%
rückenwärts bzw. am Rücken gelegendorsal
64%
nach oben (kopfwärts)kranial
64%
seitlichlateral
64%
DrehungRotation
64%
Heranziehen der ExtremitätenAdduktion
57%
nach untenkaudal
57%
bauchwärtsventral
57%
Seitliches Heben der ExtremitätenAbduktion
50%
Beugung eines GelenkesFlexion
50%
vom Rumpf wegdistal
43%
Streckung eines GelenkesExtension
43%
Seitbeugung des RumpfesLateralflexion
29%
Drehung nach innen (z.B. der Hand)Pronation
29%
zum Rumpf hinproximal
29%
Drehung nach außen (z.B. der Hand)Supination
29%
Heben nach vorne (z.B. eines Armes)Anteversion
21%
Tiefziehen (z.B. des Schultergürtels)Depression
21%
Beugung des oberen Sprunggelenkes (Zehen zeigen nach oben)Dorsalextension
21%
Hochziehen (z.B. des Schultergürtels)Elevation
21%
Heben nach hinten (z.B. eines Armes)Retroversion
21%
VerdrehungTorsion
21%
Streckung des oberen Sprunggelenkes (Zehen zeigen nach unten)Plantarflexion
14%
Vorbeugung des RumpfesVentralflexion
14%
Zurückziehen (z.B. der Schulterblätter)Retraktion
0%

Verteilung der Resultate

Perzentil nach korrekt beantworteten Fragen

Anzahl Personen mit jedem Resultat

Ihre Resultats-Entwicklung

Sie haben dieses Quiz noch nicht gespielt